| 000 | 01170nam a22003497a 4500 | ||
|---|---|---|---|
| 003 | CHAP | ||
| 005 | 20220329143314.0 | ||
| 008 | 080422d1995 es r 00110 spa d | ||
| 010 | _a94727 | ||
| 011 | _a95699 | ||
| 020 | _a8429130144 | ||
| 035 | _a106328 | ||
| 040 | _cCHAP | ||
| 082 | 0 | 4 |
_a536.5 _bC5 |
| 100 | 1 |
_aCirovic, Michael M. _923396 |
|
| 245 | 1 | 0 |
_aElectrónica fundamental : _bdispositivos, circuitos y sistemas _c/por Michael M. Cirovic |
| 260 |
_aBarcelona : _bReverté, _c1995 |
||
| 300 |
_axiv, 599 p. : _bilus. ; gráfs. |
||
| 590 |
_aBATCH-UPD _b10 _c20130110 _lUCH01 _h0243 |
||
| 590 |
_aBATCH-UPD _b10 _c20130110 _lUCH01 _h1937 |
||
| 590 |
_aBATCH-UPD _b10 _c20130409 _lUCH01 _h2312 |
||
| 590 |
_aBATCH-UPD _b10 _c20130410 _lUCH01 _h1301 |
||
| 590 |
_aBATCH-UPD _b10 _c20130914 _lUCH01 _h0940 |
||
| 590 |
_aCONVERSION _b10 _c20130109 _lUCH01 _h1352 |
||
| 650 | 1 | 4 |
_aCircuitos eléctricos. _923358 |
| 650 | 1 | 4 |
_aCircuitos transistorizados. _923360 |
| 650 | 1 | 4 |
_aElectrónica. _936241 |
| 650 | 1 | 4 |
_aSistemas de control. _9106742 |
| 901 | _aBK | ||
| 942 | _cLIBRO | ||
| 949 |
_a536.5 C5 _bBC _cLIBRO _d33724002046900 _eLIBRO _gI.c/e. _h109459 _i106328 _sb _t$1.490.00 |
||
| 999 |
_c94727 _d94727 |
||